The first-time trainer : a step-by-step quick guide for managers, supervisors, and new training professionals /

Bibliographic Details
Main Author: Goad, Tom W.
Corporate Author: NetLibrary, Inc
Format: eBook
Language:English
Published: New York : AMACOM, [1997]
Subjects:
Online Access:Connect to the full text of this electronic book

MARC

Tag First Indicator Second Indicator Subfields
LEADER 00000cam a2200000La 4500
001 in00001592012
005 20220103183635.0
006 m u
007 cr cn-
008 001006s1997 nyu sb 001 0 eng d
010 |z  97003890  
020 |a 0585099197 (electronic bk.) 
020 |z 0814479421 
035 |a (OCoLC)ocm42331031 
040 |a N$T  |c N$T  |d OCL  |d UtOrBLW 
049 |a IKMN 
050 1 4 |a HF5549.5.T7  |b G535 1997eb 
082 0 4 |a 658.3/124  |2 21 
100 1 |a Goad, Tom W.  |0 http://id.loc.gov/authorities/names/n83055678 
245 1 4 |a The first-time trainer :  |b a step-by-step quick guide for managers, supervisors, and new training professionals /  |c Tom W. Goad. 
264 1 |a New York :  |b AMACOM,  |c [1997] 
264 4 |c ©1997 
300 |a viii, 166 pages ;  |c 23 cm. 
336 |a text  |b txt  |2 rdacontent 
337 |a computer  |b c  |2 rdamedia 
338 |a online resource  |b cr  |2 rdacarrier 
504 |a Includes bibliographical references (pages 159-163) and index. 
505 0 |a Introduction -- Facilitate learning -- Focus on performance -- Focus on learning -- Be prepared -- Deliver effectively -- Get learners involved -- Get feedback -- Improve continuously -- Resources for the first-time trainer. 
533 |a Electronic reproduction.  |b Boulder, Colo. :  |c NetLibrary,  |d 1999.  |n Available via the World Wide Web.  |n Available in multiple electronic file formats.  |n Access may be limited to NetLibrary affiliated libraries. 
500 |a Electronic resource. 
650 0 |a Employees  |x Training of.  |0 http://id.loc.gov/authorities/subjects/sh85042896 
650 0 |a Training.  |0 http://id.loc.gov/authorities/subjects/sh97006179 
655 7 |a Electronic books.  |2 local 
710 2 |a NetLibrary, Inc.  |0 http://id.loc.gov/authorities/names/no99080690 
776 1 |c Original  |w (DLC) 97003890  |w (OCoLC)36181148 
856 4 1 |u https://proxy.library.tamu.edu/login?url=http://www.netlibrary.com/urlapi.asp?action=summary&v=1&bookid=3145  |z Connect to the full text of this electronic book  |t 0 
994 |a 92  |b IKM 
999 |a MARS 
999 f f |s 001ae582-5244-36dc-8d1a-6ffbd059166e  |i 866a7ffc-5339-376e-adee-a4b832810759  |t 0 
952 f f |a Texas A&M University  |b College Station  |c Electronic Resources  |d Available Online  |t 0  |e HF5549.5.T7 G535 1997eb  |h Library of Congress classification 
998 f f |a HF5549.5.T7 G535 1997eb  |t 0  |l Available Online